| 000 | 01471nam a2200241 a 4500 | ||
|---|---|---|---|
| 001 | 000028726 | ||
| 005 | 20260325092010.0 | ||
| 008 | 110411s2009 dr acd 001 0 spa d | ||
| 040 |
_aDO-SdBNP _bspa _cBNPHU |
||
| 082 |
_a347.012 _bR426pl |
||
| 110 | 1 |
_aRepública Dominicana. _bSuprema Corte de Justicia _97906 |
|
| 245 | 1 | 0 |
_aPlan estratégico del poder judicial : _b2009-2013 / _cpresentación Jorge A. Subero Isa ; dirección general Gloria Cecilia Cuello. |
| 260 |
_aSanto Domingo : _bSuprema Corte de Justicia, _c2009. |
||
| 300 |
_a76 p. : _bil. ; _c23 cm. |
||
| 505 | 0 |
_gPresentación -- _gIntroducción -- _tLa planificación estratégica en el poder judicial dominicano -- _tSituación actual y retos del futuro del poder judicial -- _tLos pilares del plan estratégico 2009-2013 -- _tMisión, visión y valores del poder judicial dominicano -- _tObjetivos estratégicos 2009-2013 -- _tPrincipales unidades involucradas en la ejecución de las lineas de acción -- _tIndicadores para el monitoreo y evaluación del plan estratégico -- _tLa planificación estratégica y el plan operativo anual. |
|
| 590 | _aInventariado, 2018/LP | ||
| 650 | 0 |
_aPoder judicial _9556 |
|
| 650 | 4 |
_aPlanificación estratégica _92433 |
|
| 650 | 4 |
_aAdministración de justicia penal _zRepública Dominicana _xPlanificación _955715 |
|
| 700 | 1 |
_aSubero Isa, Jorge A., _d1947- _epresent. _976863 |
|
| 700 | 1 |
_aCuello, Gloria Cecilia, _edir. _955716 |
|
| 910 | _aValidado. Control de calidad EMS | ||
| 999 |
_c28218 _d28218 |
||